=LDR 00000nam 2200000 4500 =001 INLIS000000000017034 =005 20130612112232 =008 ***********************************Ind** =035 ##$$0010-061300000017034 =041 ##$$a Ind =082 ##$$a 005.365 =090 ##$$a 005.365, Sut a =100 ##$$a Sutanta, Edhy =245 ##$$a Algoritma, teknik penyelesaian permasalahan untuk komputer, Edhy Sutanto =260 ##$$a 2004 $b Yogyakarta =300 ##$$a xix, 276 hlm, 23 cm =650 ##$$a Al-goritma (program komputer) =850 ##$$a NBPNMAT